Family chsh-crop production in srey santhor district, kampongcham province, (ផលិតកម្មតូបិយ ជាលក្ខណៈគ្រួសារនៅស្រុកស្រីសន្ធរ​ ខេត្តកំពង់ចាម). (Record no. 453)

000 -LEADER
fixed length control field 00612nam a22001577a 4500
003 - CONTROL NUMBER IDENTIFIER
control field OSt
005 - DATE AND TIME OF LATEST TRANSACTION
control field 20150914161320.0
008 - FIXED-LENGTH DATA ELEMENTS--GENERAL INFORMATION
fixed length control field 150914b xxu||||| |||| 00| 0 eng d
040 ## - CATALOGING SOURCE
Transcribing agency RUA
082 ## - DEWEY DECIMAL CLASSIFICATION NUMBER
Classification number AGR KHA 1999 BOO25 Or1
100 ## - MAIN ENTRY--PERSONAL NAME
9 (RLIN) 471
Personal name KHA , SOPHAT
245 ## - TITLE STATEMENT
Title Family chsh-crop production in srey santhor district, kampongcham province, (ផលិតកម្មតូបិយ ជាលក្ខណៈគ្រួសារនៅស្រុកស្រីសន្ធរ​ ខេត្តកំពង់ចាម).
260 ## - PUBLICATION, DISTRIBUTION, ETC. (IMPRINT)
Place of publication, distribution, etc. phnom phen
Name of publisher, distributor, etc. RUA
Date of publication, distribution, etc. 1999
300 ## - PHYSICAL DESCRIPTION
Extent 53P.
Other physical details ILL.
Dimensions 29CM.
942 ## - ADDED ENTRY ELEMENTS (KOHA)
Source of classification or shelving scheme
Koha item type AGR
Holdings
Price effective from Date last seen Permanent Location Not for loan Date acquired Source of classification or shelving scheme Koha item type Lost status Withdrawn status Total Renewals Date last checked out Total Checkouts Shelving location Damaged status Barcode Current Location Full call number
2015-09-142015-09-14Library Block B 2015-09-14 AGR     B025 RUA008002Library Block BAGR KHA 1999 BOO25 Or1
2015-09-142015-09-14Library Block B 2015-09-14 AGR     B025 RUA008010Library Block BAGR KHA 1999 BOO25 Or2
2015-09-142015-09-14Library Block B 2015-09-14 AGR     B025 RUA004043Library Block BAGR KHA 1999 BOO25 Or3
2015-09-142016-07-01Library Block B 2015-09-14 AGR  12016-06-071B025 RUA005154Library Block BAGR KHA 1999 BOO25 Or4
2015-09-142015-09-14Library Block B 2015-09-14 AGR     B025 RUA008009Library Block BAGR KHA 1999 BOO25 Or5
2015-09-142015-09-14Library Block B 2015-09-14 AGR     B025 RUA004014Library Block BAGR KHA 1999 BOO25 Or6
2015-09-142015-09-14Library Block B 2015-09-14 AGR     B025 RUA004039Library Block BAGR KHA 1999 BOO25 Or7
មជ្ឈមណ្ឌលឯការនៃសាកលវិទ្យាល័យភូមិន្ទកសិកម្មចំការដូង

Powered by Koha